[Event "Vikings GM 1st"]
[Site "York"]
[Date "1999.12.15"]
[Round "3"]
[White "Hector, Jonny"]
[Black "Sutovsky, Emil"]
[Result "1-0"]
[WhiteElo "2505"]
[BlackElo "2587"]
[Annotator "Gofshtein,L"]
[PlyCount "85"]
[EventDate "1999.12.13"]
[EventType "tourn"]
[EventRounds "10"]
[EventCountry "ENG"]
[EventCategory "12"]
[SourceTitle "CBM 075"]
[Source "ChessBase"]
[SourceDate "2000.04.05"]
[SourceVersion "1"]
[SourceVersionDate "2000.04.05"]
[SourceQuality "1"]

{[%mdl 576]} 1. e4 {McShane} c5 2. Nf3 d6 3. d4 cxd4 4. Nxd4 Nf6 5. Nc3 a6 6.
Bg5 Nc6 7. Bxf6 gxf6 8. Be2 h5 $6 $14 {Strange novelty. In another variations
Black stay well:} (8... Qb6 9. Nb3 (9. Nf5 $2 Qxb2 (9... e6 $2 10. Nxd6+ Bxd6
11. Qxd6 Qxb2 12. Kd2 Qb6 $11 {1/2-1/2 Timman,J-Pytel/Hastings 1973 (30)}) 10.
Nd5 Rb8 $17) 9... f5 (9... e6 10. O-O (10. Bh5 $5 Rg8 11. O-O Be7 12. Kh1 Rg7
13. f4 Kf8 14. f5 $14) 10... Bd7 (10... Be7 11. Kh1 O-O 12. f4 Kh8 13. Bh5 Bd7
14. Qd2 Be8 15. f5 $14 {1/2-1/2 Gazis,E-Spasov,V/GRE 1985 (60)}) 11. Bh5 (11.
Kh1 O-O-O 12. f4 Kb8 13. Bh5 Be8 14. a4 Rg8 15. a5 Qc7 16. f5 $132 {1/2-1/2
Prasad,D-Bitoon,R/Shenyang CHN 1999 (46)}) 11... Ne5 12. Kh1 Nc4 13. Rb1 Rc8
14. Qf3 Bg7 15. Qg3 O-O 16. Be2 Kh8 17. Bxc4 Rxc4 18. Rbd1 Rc6 19. f4 $14 {
1-0 Nunn,J-Quinteros,M/London 1977 (35)}) 10. Nd5 Qd8 11. exf5 Bxf5 12. O-O (
12. Bg4 Bg6 13. Qe2 Bg7 14. O-O-O O-O 15. h4 e6 16. h5 exd5 17. hxg6 Qg5+ 18.
Kb1 hxg6 19. Bf3 d4 $11 {0-1 Karklins,A-Weinstein,N/Chicago 1973 (41)}) 12...
Bg7 13. c3 (13. Bd3 Bg6 14. f4 e6 15. Ne3 Qb6 16. Qf3 Bxd3 17. cxd3 Nd4 $17 {
0-1 Nunn-Commons/Haifa olm 1976 (39)}) 13... e6 (13... O-O 14. Kh1 Kh8 15. f4
$14 {0-1 Vitolinsh,A-Ivanov,I/URS 1977/Inf 24/ (33)}) 14. Ne3 Bg6 15. f4 Qb6
16. Qd2 d5 17. Kh1 O-O-O 18. f5 Bh6 19. Nxd5 Qxb3 20. Qxh6 Qxd5 21. fxg6 hxg6
22. Qg7 $11 {1/2-1/2 Bagirov,V-Simagin,V/Sverdlovsk 1957 (56)}) (8... Rg8 9. g3
Bd7 (9... Qb6 10. Nb3 (10. Nf5 e6 11. Nxd6+ Bxd6 12. Qxd6 Qxb2 13. Kd2 Qb6 $11
{0-1 Yoos,J-Wolski,T/San Francisco USA 1999 (40)}) 10... e6 11. Qd2 Bd7 12. f4
O-O-O 13. O-O-O Kb8 14. Kb1 $14 {1/2-1/2 Wedberg,T-Sigurjonsson,G/Esbjerg 1983
(20)}) (9... Bh3 10. Nb3 f5 11. exf5 Bxf5 12. O-O e6 13. Re1 Be7 14. Bf3 Qb6
15. a4 O-O-O 16. a5 Qc7 17. Bxc6 bxc6 18. Nd4 Bg6 19. Qe2 Kb7 20. Ra3 $132 {
0-1 Sherzer,A-Lutz,C/WchJ-U20 Santiago ,EXT 1990 (71)}) (9... Bg7 10. Nf5 Qa5
11. Nxg7+ Rxg7 12. Qd2 Be6 13. Nd5 Qxd2+ 14. Kxd2 Rc8 15. Ne3 Nd4 16. c3 Nxe2
17. Kxe2 $11 {1/2-1/2 Krakops,M-Bates,R/WchJM-U14 Duisburg 1992 (21)}) 10. Qd2
Nxd4 11. Qxd4 f5 $11 {0-1 Oparaugo,T-Colm,D/WchJ Baguio Philippines 1987 (19)})
(8... e6 9. Nb3 (9. O-O Qb6 10. Nb3 Bd7 (10... Ne5 11. a4 Bd7 12. a5 Qc7 $14 {
1/2-1/2 Morawietz,D-Hermesmann,H/BL2W 1990 (56)}) 11. Bh5 (11. Kh1 Rg8 12. f4
O-O-O 13. Rf3 Kb8 14. Nd2 $132 {0-1 Fercec,N-Gallagher,J/Cannes A B09 1996 (24)
}) 11... Ne5 12. Kh1 Nc4 13. Rb1 Rc8 14. Qf3 Bg7 15. Qg3 (15. Qh3) 15... O-O
16. f4 $14 {0-1 Lobron,E-Ostojic,P/Wiesbaden 1987/Inf 44 (34)}) 9... b5 10. O-O
Bb7 11. f4 Bg7 12. Kh1 O-O 13. a3 Ne7 14. f5 $14 {1/2-1/2 Velimirovic,
D-Cseshkovsky,V/Banjaluka 1981/Inf 31 (42)}) 9. f4 (9. Nxc6 $2 bxc6 10. Bxh5
Rb8 11. Rb1 Qa5 12. Bg4 Rxb2 13. Rxb2 Qxc3+ 14. Kf1 Qxb2 15. Bxc8 Qxa2 $17)
9... h4 10. Bf3 e6 (10... Bh6 11. Nde2 Bd7 12. Qd2 Ne5 13. Bh5 h3 14. Rg1 (14.
g3 Bg5 $1 15. Bxf7+ Kxf7 16. Qd5+ Be6 17. Qxb7 Rb8 $17) 14... hxg2 15. Rxg2 Bh3
(15... Bg5 16. fxg5 Rxh5 17. gxf6 $16 {[%cal Gg2g8]}) 16. Rg3 $14 {[%csl Yf3]})
11. Qd3 (11. Qd2 Qb6 12. Nb3 Bd7 13. O-O-O O-O-O $14) 11... Qb6 12. Nb3 Bd7 13.
O-O-O O-O-O 14. Nd2 (14. Kb1 $5 $14) 14... Qd4 {Do you want to change queens?}
15. Qe2 {Not now...} (15. Nc4 $6 Qxd3 (15... Qc5 16. Nxd6+ Bxd6 17. Qxd6 $16)
16. Rxd3 Kc7 17. Rhd1 Nb4 18. R3d2 Bc8 19. a3 Nc6 20. a4 {[%csl Rb5][%cal
Gb7b5]} b6 $11) 15... Na5 {[%cal Gd2c4]} (15... Kb8 16. Nc4 (16. Bh5 Rh7 $14)
16... Qc5 17. Na4 Qb5 18. Nab6 f5 19. Qe3 {[%csl Rd6]} fxe4 20. Be2 {[%csl Rb5]
} Nb4 (20... Be8 21. Nxd6 Qa5 22. Nxe8 Rxe8 23. Bc4 f5 $14) 21. Kb1 $14) 16.
Bh5 (16. Nb3 {McShane} Qb6 17. Nxa5 Qxa5 {The knight exchange probably helps
White more than Black.}) 16... Rh7 17. Kb1 (17. g4 Bh6 18. Rhf1 $14) 17... Be7
(17... Bh6 18. Qg4 f5 19. Qxh4 (19. exf5 Qxf4 20. fxe6 fxe6 21. Nde4 d5 22. Nc5
Rg7 $5 $132) 19... Qh8 {[%cal Gh7h4]} 20. Qg3 $14) 18. Bxf7 $6 $11 {Whith this
combination White drop a little advantage '!?' McShane.} (18. Bg4 $14) 18...
Rxf7 19. Qh5 {McShane: 'An unexpected fork.'} Rg7 20. Qxa5 Rxg2 21. Nb3 Qf2 {
McShane: 'It looks like White's tactic has completely backfired. Black has
both bishops, has removed the doubled pawn and is creating mating threats. But
Hector has some tricks up his sleeve...'} (21... Qe3 {[%csl Rf4,Rh2]} 22. f5
Rdg8 23. fxe6 Bxe6 24. Nd4 R8g5 25. Qb6 Bg4 26. Rhe1 (26. Nd5 Rxd5 $19) 26...
Qf2 27. Rf1 Qe3 28. Rfe1 Qf2 $11) 22. Rd2 Qf3 (22... Rg1+ $142 $5 23. Rxg1
Qxg1+ 24. Rd1 (24. Nd1 {McShane} Rg8 {is probably safer.}) 24... Qf2 (24...
Qxh2 25. Qb6 {[%cal Gb3a5]} Be8 26. Na5 Rd7 27. Qa7 Rc7 28. Qa8+ Kd7 29. Nxb7
Bh5 30. Rxd6+ $1 Bxd6 31. Qd8+ Kc6 32. Na5+ Kc5 33. b4+ Kxb4 34. Qxd6+ Kxc3 35.
Qxc7+ Kd2 36. Nb3+ Ke3 37. Qc5+ Kxe4 38. Qxh5 Qxf4 $14) 25. f5 Rg8 26. fxe6
Bxe6 27. Nd4 (27. Nd5 Bd8 28. Qc3+ Kb8 29. h3 Rg2 30. Nd4 Bxd5 31. exd5 Rg1 32.
Qd3 Qg3 $17) 27... Rg2 28. Nd5 Bxd5 29. Qxd5 Rxh2 30. Qe6+ Kd8 31. Qg8+ Kc7 32.
Qc4+ Kb8 $15) 23. Rd3 Qxf4 24. Nd5 $1 {Forced sacrifice '!!' McShane. McShane:
'A disturbing surprise for Black. '} (24. Qb6 Qf2 $17) 24... exd5 25. Rc3+ Kb8
$2 $16 ({It was not easy to find right move} 25... Bc6 $1 26. exd5 Rdg8 27.
Rxc6+ (27. Qb6 Bd8 28. Qa7 Rxh2 29. Rxh2 Qxh2 30. Qa8+ Kc7 31. dxc6 Rg1+ 32.
Nc1 Rxc1+ 33. Kxc1 Qf4+ 34. Kd1 Qf1+ 35. Kd2 Qf2+ 36. Kd3 Qf3+ 37. Kc4 Qe2+ 38.
Kb3 Qb5+ 39. Ka3 Qa5+ $11) 27... Kb8 (27... bxc6 28. Qxa6+ Kd8 (28... Kd7 {
McShane} 29. Qxc6+ Kd8 30. Qa8+ {with a draw.}) 29. Qa8+ Kd7 30. Qxc6+ Kd8 31.
Qa8+ $11) 28. Qc7+ Ka8 29. Rxa6+ bxa6 30. Qc6+ Kb8 31. Qb6+ Kc8 32. Qc6+ $11)
26. Qc7+ Ka8 (26... Ka7 {McShane} 27. Na5 Rb8 28. Rb3 Bb5 (28... Bc8 29. Nc6+)
29. Rxb5 axb5 30. Nc6+ {is terminal.}) 27. Nc5 $1 Bc6 (27... Rb8 28. Nxd7 Rbg8
29. a3 $1 {McShane: '(simply preventing Black's only counterplay, Rg1+)'} (29.
Nb6+ Ka7 30. Nc8+ Rxc8 31. Qxc8 Rxh2 32. Rh3 (32. Rd1 Rd2 (32... Qxe4 33. Rc7
d4 34. a3 Rh1 35. Rxb7+ Qxb7 36. Qxb7+ Kxb7 37. Rxh1 f5 38. Rf1 $16) 33. Rc1
Qxe4 34. Rc7 d4 $17) 32... Rxh1+ 33. Rxh1 Qxe4 34. Qh3 f5 35. Rf1 f4 36. Qg4 h3
37. Qxh3 Bf6 38. Qf3 Be5 $11) 29... Qxe4 (29... d4 {McShane} 30. Rc6 $1 bxc6
31. Nb6#) 30. Rb3 d4 31. Rf1 Qc6 (31... f5 32. Rb6 {[%cal Gb6a6]} Qxc2+ 33.
Qxc2 Rxc2 34. Kxc2 Rd8 35. Rxf5 Rxd7 36. Kd3 $16) 32. Nb6+ Ka7 33. Qxe7 Qxc2+
34. Ka2 $16) (27... Bc8 {McShane} 28. Nxa6 bxa6 29. Rb3) 28. Ra3 $8 dxc5 $8 {
McShane: 'Threatening 29.Rxa6, so Black is forced to give up the queen, after
which it is mere technique.'} 29. Qxf4 Rdg8 30. Rc1 c4 $2 $18 (30... dxe4 31.
Qc7 R8g7 32. Rxa6+ bxa6 33. Qxc6+ Ka7 34. Rd1 Rg1 35. Kc1 $16) 31. exd5 Bxd5 (
31... Bxa3 32. dxc6 Bb4 33. Qxc4 $18) 32. Ra5 R2g5 33. Qxh4 c3 34. Qd4 cxb2 35.
Rd1 (35. Re1 $18) 35... Bc6 36. Rxg5 Rxg5 37. Rg1 (37. Qf4 $18) 37... Bg2 38.
h4 Rd5 39. Qc4 (39. Qg4 $18) 39... Bf3 40. Rf1 Bg2 41. Rg1 Bf3 42. Re1 (42. Qb3
$18) 42... Bd8 43. h5 {'!' McShane. McShane: '43...Rxh5 44.Qc8+'} 1-0

[Event "USA-ch"]
[Site "Seattle"]
[Date "2000.10.03"]
[Round "8"]
[White "Fedorowicz, John P"]
[Black "Gurevich, Dmitry"]
[Result "1/2-1/2"]
[WhiteElo "2533"]
[BlackElo "2542"]
[Annotator "Gofshtein,L"]
[PlyCount "81"]
[EventDate "2000.09.25"]
[EventType "tourn"]
[EventRounds "11"]
[EventCountry "USA"]
[EventCategory "14"]
[SourceTitle "CBM 080"]
[Source "ChessBase"]
[SourceDate "2001.01.25"]
[SourceVersion "1"]
[SourceVersionDate "2001.01.25"]
[SourceQuality "1"]

{[%mdl 4352]} 1. e4 c5 2. Nf3 d6 3. d4 cxd4 4. Nxd4 Nf6 5. Nc3 Nc6 6. Bg5 Bd7
7. Be2 e6 8. Ndb5 (8. Bxf6 gxf6 9. O-O a6 10. Nb3 b5 $132 {0-1 Ree,H-Timman,J/
Amsterdam 1973/EXT 2000 (41)}) 8... Qb8 9. a4 $5 (9. O-O a6 10. Nd4 b5 $132 {
0-1 Hounie Fleurquin,C-Vinuesa,J/Mar del Plata 1936/HCL (54)}) 9... a6 10. Na3
Qc7 11. Be3 $5 $146 (11. O-O Be7 (11... Rc8 12. Qd2 h6 13. Be3 Na5 {[%csl Yc4]
[%cal Ya5c4,Yc7c4]} 14. f3 Be7 15. Rfd1 O-O $132 {1-0 Pichler,J-Lendwai,R/
Gelsenkirchen 1991/CBM 25 (50)}) 12. Nc4 {[%csl Rb6,Rd6][%cal Rc4b6,Yc4d6]} Rd8
13. Be3 $5 {[%cal Re3b6,Rc4b6]} Qb8 14. Bb6 $36 Rc8 15. f4 {1/2-1/2 Fogarasi,
T-Berkvens,J/Budapest 2000/CBM 75 ext (35)}) (11. Qd2 Be7 12. Rd1 h6 (12... Rd8
13. Nc4 {[%cal Rc4d6,Rc4b6]} Bc8 14. Be3 Qb8 15. Nb6 $36 {1/2-1/2 Spassky,
B-Hort,V/Moscow 1971/MCL (31)}) 13. Be3 Na7 14. Nc4 Nc8 15. a5 $36 {1-0
Prandstetter,E-Rogers,I/Prague 1990/CBM 17 (37)}) 11... Rb8 $5 {Black defence
against threat Nc4 with the capture b6} 12. O-O Be7 13. Nc4 {[%csl Yb6][%cal
Rc4b6,Ye3b6]} b6 14. Bf4 (14. Qd2 b5 $5 15. axb5 axb5 $132) 14... Ne5 15. Qd4
Nxc4 16. Qxc4 Qxc4 17. Bxc4 b5 18. axb5 axb5 {this series of forced moves
leads to approximately equal ending.} 19. Bd3 b4 20. Ne2 Bc6 21. f3 e5 22. Be3
d5 $6 {Probably it is too hasty decision, maybe better is quiet move 22...0-0}
23. Ng3 (23. exd5 Nxd5 $11) 23... dxe4 (23... d4 24. Bf2 g6 25. Ra6) 24. fxe4
$5 (24. Nxe4 Nd5 25. Bc5 Bxc5+ 26. Nxc5 $14) 24... Ng4 25. Ba7 $8 Rb7 (25...
Ra8 26. Kh1) 26. Kh1 g6 {[%csl Rf5] This defending move doesn't solve all
problems. White has some initiative} 27. h3 Nf6 28. Ra6 Nd7 $5 (28... Kd7 29.
Be3 $36 {[%cal Yf1f7,Ye3g5]}) 29. Rxc6 Rxa7 30. Rc8+ Bd8 31. Bc4 f6 32. Rd1 $36
Ke7 (32... h5 33. Nf1 {[%cal Yf1e3,Ye3d5]}) 33. Rc6 Rc7 (33... Nf8 34. Rdd6)
34. Re6+ Kf7 35. Rc6+ Ke7 36. Re6+ Kf7 37. Bb3 Kf8 38. Red6 {It is
ununderstandable,r why white didn't try to use slight advantage after Ba4} (38.
Ba4 $5 Kf7 39. Bxd7 Rxd7 40. Rxf6+ Bxf6 41. Rxd7+ Ke6 42. Rc7 Be7 $44) 38...
Ke7 39. Re6+ Kf8 40. Red6 Ke7 41. Re6+ 1/2-1/2

[Event "Corus-B"]
[Site "Wijk aan Zee"]
[Date "2000.01.28"]
[Round "9"]
[White "Nijboer, Friso"]
[Black "Avrukh, Boris"]
[Result "1/2-1/2"]
[WhiteElo "2540"]
[BlackElo "2620"]
[Annotator "Gofshtein,L"]
[PlyCount "208"]
[EventDate "2000.01.18"]
[EventType "tourn"]
[EventRounds "11"]
[EventCountry "NED"]
[EventCategory "11"]
[SourceTitle "CBM 075"]
[Source "ChessBase"]
[SourceDate "2000.04.05"]
[SourceVersion "1"]
[SourceVersionDate "2000.04.05"]
[SourceQuality "1"]

{[%mdl 256]} 1. e4 c5 2. Nf3 d6 3. d4 cxd4 4. Nxd4 Nf6 5. Nc3 Nc6 6. Bg5 e6 7.
Qd2 Qb6 8. Nb3 Be7 9. Bxf6 (9. h4 a6 10. h5 h6 11. Bxf6 gxf6 12. O-O-O Bd7 13.
Rh3 O-O-O 14. Kb1 Kb8 15. Rd3 Rhg8 16. f4 Bc8 17. Qe1 $14 {1-0 Garcia,
S-Smyslov,V/Sochi 1974/Inf 18 (33)}) (9. Be3 Qc7 10. f3 O-O 11. g4 a6 12. g5
Nd7 13. h4 b5 14. a3 Nde5 15. Be2 Rb8 $132 {1-0 Mc Donald N R-Gufeld E Y/it
shv. 1987 (36)}) 9... Bxf6 (9... gxf6 $6 10. Be2 Bd7 11. O-O Ne5 12. a4 O-O 13.
a5 $16 {1-0 Sutovsky,E-Avrukh,B/Tel Aviv ISR 1999 (25)}) 10. Qxd6 Be5 11. Qc5
$14 {B. Avrukh plays again and again this wrong variation.} (11. Qd2 $6 O-O 12.
Bd3 a5 13. a4 Rd8 14. f4 Bxc3 15. bxc3 e5 16. f5 Bxf5 17. Qf2 Qxf2+ 18. Kxf2
Bc8 $11 {1/2-1/2 Bologan,V-Avrukh,B/Biel SUI 1999 (45) (22)}) 11... Qxc5 12.
Nxc5 Ke7 13. Bb5 $1 (13. O-O-O $6 b6 14. Nd3 Bxc3 15. bxc3 Bb7 16. f3 Rac8 17.
Kb2 Rc7 18. Nc1 (18. Nb4 Ne5 19. Ba6 Bxa6 20. Nxa6 Nc4+ 21. Kb3 Na5+ 22. Kb2
Nc4+ $11) 18... Ne5 19. Bd3 Rhc8 {1/2-1/2 Hracek,Z-Avrukh,B/Batumi GEO 1999 
(19)} 20. Ne2 $44) 13... Nd4 (13... Nb4 14. O-O-O $16) 14. O-O-O (14. Ba4 $5 {
Tsesarsky} a6 (14... b6 15. Nd3 Bc7 16. O-O-O $14) 15. Nd3 Bc7 16. O-O-O (16.
O-O $14) 16... b5 17. Bb3 Rd8 18. Kb1 a5 19. a4 Nxb3 (19... Rb8 20. Nxb5 Nxb5
21. axb5 Rxb5 $14) 20. Nxb5 $1 $14) 14... Rd8 15. Bf1 {This move save up B
from change but it is not so important.} ({Quite good was also} 15. Nb3 $1
Nxb3+ (15... Nxb5 16. Nxb5 Bd7 17. N5d4 Rac8 18. g3 (18. c3 Ba4 19. Nf3 Bf4+
20. Kc2 Bc6 21. Rxd8 Rxd8 22. Re1 $14) 18... Rc4 19. c3 Bc7 20. Rhe1 b5 21. Nc2
(21. Rd3 $1 $16 {Tsesarsky}) 21... Bb6 22. f3 Rdc8 23. Kb1 a5 24. a3 h5 25. Rd3
$16 {1/2-1/2 Khalifman,A-Avrukh,B/St. Petersburg 1999/CBM 72/ (67)} (25. Rd2
$16 {Tsesarsky})) 16. axb3 Rxd1+ 17. Rxd1 a6 18. Be2 Bd7 19. g3 Bc6 20. f3 $14
{[%csl Yc6,Ye5]}) (15. Bc4 $6 a6 16. Nd3 Bc7 17. a3 b5 18. Ba2 a5 19. Nc5 b4
20. Nd5+ exd5 21. Rxd4 bxa3 22. bxa3 Bd6 23. Rxd5 Be6 24. Nxe6 Bxa3+ 25. Kd2
fxe6 $44) 15... b6 16. Nd3 Bd6 (16... Bc7 17. g3 Bb7 18. Bg2 $14) 17. Ne2 (17.
e5 Bc7 18. Ne2 Nxe2+ (18... Nc6 19. f4 Bb7 {[%cal Gb7h1]} 20. Rg1 $14 {[%cal
Gg2g3]}) 19. Bxe2 $14) 17... Nc6 $2 $16 (17... Nxe2+ 18. Bxe2 Bb7 $14) (17...
Bc7 $5 $14) 18. g3 Ba6 19. Nc3 Rac8 20. e5 $1 (20. f4 $14) 20... Bb8 21. f4 Nd4
22. Bg2 $2 $44 {Drop all advatage} (22. Nb4 Bxf1 (22... Bb7 23. Ba6 $16) 23.
Rhxf1 Rc4 24. Na6 $16) 22... Bxd3 $1 {Boris transfer the game in endgame
without a pawn with the "opposite" bishops In order to prevent worse situation.
..} 23. Rxd3 Ne2+ 24. Kd2 Nxc3 25. Rxd8 Rxd8+ 26. Kxc3 $44 {White have P but
how to realize it?} g5 $1 27. Be4 (27. Re1 gxf4 28. gxf4 f6 $14) (27. fxg5
Bxe5+ 28. Kb3 Rg8 (28... Rd2 29. Be4) 29. Rd1 (29. Be4 Rxg5 30. Bxh7 f5 $17 {
[%csl Rh7]}) 29... Rxg5 30. Bc6 Bd6 $11) 27... gxf4 28. gxf4 f6 29. exf6+ Kxf6
30. Bxh7 Rh8 $1 (30... Bxf4 $2 31. h4 Be5+ 32. Kb3 a5 33. a4 Rd4 34. c3 $16)
31. Bd3 Rh3 32. Rf1 Rxh2 33. f5 Be5+ 34. Kb3 Rh4 35. fxe6+ Kxe6 {Almost did
not remain of a material} 36. Ba6 Rh7 37. a4 Kd6 38. c3 Kc7 39. Rf8 {
Nevertheless game was continued for a long time and was not interesting...} Re7
40. Kc4 Kd6 41. Ra8 Bg7 42. Kd3 Rf7 43. Bb5 Bf6 44. Ke4 Bg5 45. Rg8 Bc1 46. Rg2
Re7+ 47. Kd3 Bf4 48. Rg8 Rh7 49. Rc8 Rc7 50. Rd8+ Ke7 51. Rd4 Be5 52. Rg4 Bf6
53. Ke4 Rc5 54. Rg8 Re5+ 55. Kd3 Rd5+ 56. Kc2 Rd8 57. Rg2 Be5 58. Kb3 Rc8 59.
Re2 Rc5 60. Ka2 Ke6 61. Ba6 Rc7 62. Kb3 Rh7 63. Rd2 Rc7 64. Rd1 Rg7 65. Bc4+
Ke7 66. Bd5 Kd6 67. Be4+ Kc7 68. Rf1 Re7 69. Ba8 Bg7 70. Kc4 Kb8 71. Bd5 Rc7+
72. Kb4 Rd7 73. Rf5 Re7 74. Rf2 Rd7 75. Bc6 Re7 76. Rg2 Kc7 77. Bd5 Kd6 78. Bf3
Kc7 79. Kc4 Rf7 80. Bd5 Rf4+ 81. Kd3 Bf6 82. Be4 Kd6 83. Rg8 Rf2 84. Rf8 Ke6
85. b4 Rh2 86. Rc8 Rh3+ 87. Kc2 Rh2+ 88. Kb3 Rh3 89. Rc7 Be5 90. Rc6+ Kd7 91.
Rc4 Re3 92. Bb7 Kd6 93. b5 Kd7 94. Bc8+ Ke7 95. Rc6 Kd8 96. Bf5 Rf3 97. Bg6 Ke7
98. Be4 Re3 99. Rc4 Bxc3 100. Rxc3 Rxe4 101. Rc7+ Kd6 102. Rxa7 Re3+ 103. Kc4
Re4+ 104. Kd3 Rh4 1/2-1/2

[Event "USA-ch"]
[Site "Seattle"]
[Date "2000.10.01"]
[Round "6"]
[White "Shabalov, Alexander"]
[Black "Gurevich, Dmitry"]
[Result "0-1"]
[WhiteElo "2601"]
[BlackElo "2542"]
[Annotator "Gofshtein,L"]
[PlyCount "74"]
[EventDate "2000.09.25"]
[EventType "tourn"]
[EventRounds "11"]
[EventCountry "USA"]
[EventCategory "14"]
[SourceTitle "CBM 080"]
[Source "ChessBase"]
[SourceDate "2001.01.25"]
[SourceVersion "1"]
[SourceVersionDate "2001.01.25"]
[SourceQuality "1"]

1. e4 {[%mdl 9152] Cifuentes,R} c5 2. Nf3 d6 3. d4 cxd4 4. Nxd4 Nf6 5. Nc3 Nc6
6. Bg5 Bd7 7. Nb3 (7. Qd2) 7... e6 8. Be2 (8. Qd2 h6 9. Bh4 $6 Nxe4 10. Nxe4
Qxh4 11. Nxd6+ Bxd6 12. Qxd6 Qe4+ $17 {0-1 Hiemann,M-Ruiz Gonzalez,G/Budapest
1999/CBM 71 ext (42)}) (8. Bd3 $5 Be7 9. O-O O-O 10. Kh1 a6 11. f4 h6 $132 {
1/2-1/2 Qi Jingxuan-Deng Kong Liang/PRC-ch 1987/EXT 97 (41)}) (8. f4 {
Cifuentes,R} a6 9. Qd3 (9. Qd2 $6 h6 10. Bh4 Nxe4 $1) (9. Bd3 Be7 10. O-O O-O
11. Qf3 b5 12. Rae1 b4 13. Nd1 e5 14. f5 a5 15. Qh3 a4 16. Nd2 a3 17. b3 Nd4
$11 {Hindle,O-West,G/ Edinburgh 1985}) 9... h6 10. Bh4 g5 11. fxg5 Ng4 12. Qd2
Nge5 13. Be2 b5 $5 (13... Be7 14. Bf2 hxg5 15. Na4 $1 b5 16. Nb6 Rb8 17. Nxd7
Qxd7 18. a4 Kf8 19. axb5 axb5 20. O-O $14 {Kortschnoj,V-Speelman,J/Brussels
1985}) 14. O-O-O Be7 15. Kb1 hxg5 16. Bg3 Rb8 $1 $13 {/\ b4}) 8... a6 (8... h6
9. Bh4 a6 10. O-O Qb6 (10... b5 {Cifuentes,R} 11. a3 g5 12. Bg3 Ne5 13. f4 gxf4
14. Bxf4 Qb6+ 15. Kh1 Be7 $13) 11. Kh1 Be7 12. Bxf6 gxf6 13. Bh5 Rh7 14. Qd3
O-O-O 15. f4 Rg7 16. Rad1 Na5 17. f5 $14 {1-0 Dementiev,O-Averbakh,Y/Riga 1970/
URS-ch (45)}) 9. O-O (9. a4 Na5 10. Nxa5 (10. Nd2 Rc8 11. O-O Be7 12. Bd3 O-O
13. Qe2 Nc6 14. Nc4 Nd4 {'=' Cifuentes,R.} (14... Ne5 $11) 15. Qd2 b5 16. axb5
axb5 17. Bxf6 Bxf6 18. Nxd6 Rb8 19. Qf4 e5 20. Qg3 Bc6 21. Nf5 b4 $44 {1/2-1/2
Zhelnin,V-Shilov,Y/Voroshilovgrad 1989/EXT 97 (58)}) 10... Qxa5 11. Bxf6 gxf6
12. Qd4 Rg8 13. O-O Rc8 14. Rad1 Be7 15. f4 Qc5 $132 {1-0 Larsen,B-Strauss,D/
Lone Pine 1979/MCL (34) '=' Cifuentes,R.} (15... Qc5 $11 {Cifuentes,R} 16. Kh1
b5 $1 (16... Qxd4 17. Rxd4 Bc6 18. f5 Kf8 19. Rf3 Kg7 20. Rd2 Rgd8 $13 {
Larsen,B-Strauss,D/Lone Pine 1979}) 17. axb5 axb5 18. Qxc5 Rxc5 19. Rd4 Bc6 20.
Ra1 (20. Bf3 e5) 20... f5 $1 21. Ra6 Kf8 22. Bf3 fxe4 23. Bxe4 Bxe4 24. Rxe4 d5
$15)) (9. f4 Be7 10. Bxf6 gxf6 11. O-O b5 $13 {1-0 Korneev,O-Abramov,S/Karvina
1992/EXT 97 (40)}) 9... b5 10. a3 Be7 11. Qd2 $5 $146 {White avoids his bishop
exchange and tries to use the B for eventual attack.} (11. Bxf6 gxf6 12. Bh5
Rg8 13. f4 Rg7 14. Kh1 Qc7 15. Qe1 Kf8 16. Rd1 $14 {1/2-1/2 Lutikov,A-Cobo
Arteaga,E/Polanica Zdroj 1972/MCL (30) '~~' Cifuentes,R.}) 11... Qc7 12. Rad1 {
[%cal Yd2d6] white increases pressure on the center ,in addition he brings
rook to the d-file,and prepares in the future transfer R to the kingside} Ne5
13. f4 Nc4 14. Bxc4 bxc4 15. Nd4 h6 {'!?' Cifuentes,R.} (15... O-O $5 {
Cifuentes,R} 16. Qe1 (16. Kh1 h6 $1 17. Bh4 $2 Nxe4 $1 18. Nxe4 Bxh4 19. Nf3
Be7 20. Nxd6 Bc6 $19) (16. Rfe1 h6) 16... Rfe8 (16... Qb6 $2 17. e5 dxe5 18.
fxe5 Bc5 19. exf6 Bxd4+ 20. Kh1 Bc6 21. Qh4 e5 22. fxg7 Rfe8 23. Ne4 Bxe4 24.
Qxe4 $18) 17. e5 dxe5 18. fxe5 Nd5 19. Nxd5 (19. Bxe7 Nxe7 20. Qg3 Ng6 21. Rfe1
Rab8 22. b4 cxb3 23. cxb3 $11) 19... exd5 20. Qf2 Bxg5 21. Qxf7+ Kh8 22. e6
Rad8 23. Kh1 Qd6 24. exd7 Qxd7 25. b4 $11) 16. Bh4 {White begins incorrect
complications,but also after 16.Bf6 black would have sufficient counterplay.} (
16. Bxf6 Bxf6 $132) 16... Nxe4 17. Nxe4 Bxh4 18. f5 {'!' Cifuentes,R.} (18. Nf3
{Cifuentes,R} d5 $1 19. Nxh4 dxe4 $17) 18... d5 {'!' Cifuentes,R.} (18... O-O
$6 {Cifuentes,R} 19. f6 d5 20. Rf4 Bg5 21. Nxg5 hxg5 22. Rf5 $1) 19. fxe6 fxe6
$2 {Better was 19...Be6 and white (how shown above) doesn't has real
compensation.} (19... Bxe6 $5 20. Nxe6 fxe6 21. Qe3 Be7 22. Nf2 (22. Qh3 Qb6+
23. Kh1 Rf8 24. Qh5+ Kd7 $19 25. Rxd5+ exd5 26. Qxd5+ Kc7) 22... Qc6 $5 $17 (
22... Qd6 $6 23. Ne4 (23. Rde1 O-O 24. Qxe6+ Qxe6 25. Rxe6 Bc5 $17) 23... Qe5
24. Qb6 $1 Rb8 25. Qc6+ Kd8 26. Rfe1 $44)) 20. Nf5 $1 exf5 21. Qxd5 Qa7+ {
'?' Cifuentes,R.} (21... Qb6+ $1 {Cifuentes,R} 22. Kh1 O-O-O 23. Nd6+ (23. Nc5
Bb5 24. Qxf5+ Kb8 25. Qf4+ Ka8 $17) 23... Kb8 24. Nf7 Bc6 25. Qe5+ Qc7 26.
Qxc7+ Kxc7 27. Nxh8 Rxh8 28. Rxf5 Bf6 $17) 22. Kh1 Be7 $1 {only this move
gives for black the possibility to defence} (22... fxe4 $2 23. Qh5+ Kd8 24.
Qxh4+ g5 25. Qxe4 $36) (22... O-O-O {Cifuentes,R} 23. Nd6+ Kb8 24. Qxc4 Bf6 25.
Qb3+ Ka8 26. Nf7 $16) 23. Nd6+ Bxd6 24. Qxd6 O-O-O {'[]' Cifuentes,R.} 25. Rd5
{Cifuentes,R: '/\Rc5-Rc7'} Kb7 $2 {'[]' Cifuentes,R. wrong move,better was as
25...Rde8,as 25...Rdf8} (25... Rde8 26. Rfd1 Re2 27. Qxd7+ (27. Qb4 {Cifuentes,
R} Rhe8 28. Rc5+ Kd8 29. Qa5+ Ke7 30. Rc7 $18) 27... Qxd7 28. Rxd7 Rhe8 $132) (
25... Rdf8 26. Rfd1 Rf7 27. Rc5+ Kd8 28. Rxc4 $13) 26. Rfd1 $2 {This is a
blunder, after simply 26.Qd7 white has a small advantage} (26. Qxd7+ $1 Rxd7
27. Rxd7+ Kb6 28. Rxa7 Kxa7 29. Rxf5 Rb8 30. Rf7+ Ka8 31. Rxg7 (31. b4 {
Cifuentes,R} cxb3 32. cxb3 Rxb3 33. Kg1 $11) 31... Rxb2) 26... Qe3 $1 $19 27.
Re5 (27. Rc5 Bc8 28. Rc7+ Ka8 29. Qc6+ Kb8 $19) 27... Qb6 28. Qe7 (28. Re7 Qxd6
29. Rxd6 Kc7 30. Rxa6 Rhe8 $19) 28... Qc7 29. Qb4+ Bb5 30. Rde1 (30. Rxb5+ axb5
31. Qxb5+ Qb6 $19) 30... Qd6 31. Rxb5+ axb5 32. Qxb5+ Kc8 33. h3 (33. Qxc4+ Qc7
34. Qa6+ Qb7 35. Qc4+ Kb8 36. Qf4+ Qc7 $19) 33... Rd7 34. Qxc4+ Rc7 35. Qa4 Qc6
36. Qa5 g6 37. Re3 Rd8 0-1